01062nam a2200253 i 45000010005000000030009000050050017000140080041000310200018000720800010000900800020001002450126001202600036002463000022002824900046003045050104003506100057004546500044005117000040005558300054005958520022006499990015006719520122006868763ES-MaACL20250928123444.0920928s1991 sp ||||1| spa d a84-368-0626-3 a339.9 a338.2(4-672 CE)00aOrganización económica internacional : bproblemas actuales de la economía mundial / cManuel Varela (coordinador). aMadrid : bPirámide, c[1991] a462 p. ; c23 cm.1 aEconomía y administración de empresas8 aContiene: Cooperación económica internacional . Integración económica: la Comunidad Europea24aComunidades Europeas-xPolítica económica.93141 4aEconomía internacional-yS.XX.9120321 aVarela, Manuel, d1926-201191131421 aEconomía y administración de empresas91782824 aES-MaACLjL-16058 c8763d8763 00104070aATENEOMbATENEOMcDEPO2d2008-01-17eSCl0oL-16058p1008949r2023-02-23 00:00:00w2023-02-23yMONOGRAFIA